San Jose Sharks 25-26 Roster (Positions) - Statistics

General Stats
  • This quiz has been taken 69 times
  • The average score is 19 of 27
Answer Stats
Hint Answer % Correct
71 Macklin Celebrini
100%
2 Will Smith
98%
73 Tyler Toffoli
94%
72 William Eklund
94%
77 Michael Misa
90%
75 Ryan Reaves
86%
51 Collin Graf
84%
3 John Klingberg
84%
6 Sam Dickinson
80%
30 Yaroslav Askarov
80%
21 Alexander Wennberg
78%
38 Mario Ferraro
73%
33 Alex Nedeljkovic
71%
9 Dmitry Orlov
71%
23 Barclay Goodrow
69%
44 Kiefer Sherwood
69%
92 Igor Chernyshov
65%
84 Pavol Regenda
63%
81 Adam Gaudette
61%
10 Ty Dellandrea
61%
85 Shakir Mukhamadullin
57%
5 Vincent Desharnais
57%
63 Zack Ostapchuk
53%
96 Philipp Kurashev
51%
53 Jeff Skinner
37%
37 Timothy Liljegren
37%
22 Vincent Iorio
33%
No matching quizzes found
Score Distribution
Percent of People with Each Score
Percentile by Number Answered
Your Score History
You have not taken this quiz